000 00744nam a2200229 i 4500
001 bg
245 0 0 _aApproaches to computer aided architectural composition /
_ced. by Aleksander Asanowicz, Adam Jakimowicz.
260 _aBiaƂystok :
_bTechnical University. Faculty of Architecture,
_c1996.
300 _a234 s. :
_bfot., rys. ;
_c23 cm.
504 _aBibliogr. przy pracach.
650 9 _aArchitektura
_xprojekty
_xautomatyzacja
650 9 _aKomputery
_xstosowanie
700 1 _aASANOWICZ, Aleksander.
_eRed.
700 1 _aJAKIMOWICZ, Adam.
_eRed.
020 _a8390537710
040 _cBPK
041 0 _aen
080 _a72.01/.02:681.322.004
920 _a83-905377-1-0
942 _cKS
008 s pl f |000 0 pol
999 _c31508
_d31508
856 _uhttp://koha.tu.koszalin.pl/cgi-bin/koha/opac-detail.pl?biblionumber=31508
_yKatalog online BPK